|
|
|
|
| LEADER |
01307nam a2200277 a 4500 |
| 001 |
3506978 |
| 008 |
091124s1996 ctua b 001 0 eng d |
| 010 |
|
|
|a \\\95037646
|
| 020 |
|
|
|a 0275953475 (alk. paper)
|
| 040 |
|
|
|a DLC
|c DLC
|d DLC
|
| 082 |
0 |
0 |
|a 330.95492
|2 20
|
| 245 |
0 |
4 |
|a The economy of Bangladesh :
|b problems and prospects /
|c edited by Abu N.M. Wahid and Charles E. Weis.
|
| 260 |
|
|
|a Westport, Conn. :
|b Praeger,
|c 1996.
|
| 300 |
|
|
|a xxi, 263 p. :
|b ill. ;
|c 24 cm.
|
| 504 |
|
|
|a Includes bibliographical references (p. [247]-248) and index.
|
| 541 |
1 |
|
|e 00012851
|
| 651 |
|
0 |
|a Bangladesh
|x Economic conditions.
|
| 650 |
|
0 |
|a Monetary policy
|z Bangladesh.
|
| 650 |
|
0 |
|a Industries
|z Bangladesh.
|
| 650 |
|
0 |
|a Finance
|z Bangladesh.
|
| 700 |
1 |
|
|a Wahid, Abu N. M.
|
| 700 |
1 |
|
|a Weis, Charles E.
|
| 852 |
4 |
|
|a Ayesha Abed Library
|j General shelf
|
| 999 |
|
|
|c 5841
|d 5841
|
| 952 |
|
|
|0 0
|1 0
|2 ddc
|4 0
|6 330_954920000000000_ECO
|7 0
|9 5816
|a BRACUL
|b BRACUL
|c GEN
|d 2009-12-02
|g 0.00
|l 2
|m 5
|o 330.95492 ECO
|p 3010012851
|r 2025-01-16
|s 2024-12-03
|t 1
|w 2009-12-02
|y BK
|x No price found in the accession register.
|
| 952 |
|
|
|0 0
|1 0
|2 ddc
|4 0
|6 330_954920000000000_ECO_1996
|7 0
|9 5825
|a BRACUL
|b BRACUL
|c GEN
|d 2009-12-02
|g 0.00
|l 2
|m 1
|o 330.95492 ECO
|p 3010010924
|r 2025-09-09
|s 2025-06-17
|t 1
|w 2009-12-02
|y BK
|x No price found in the accession register.
|